[Event "Mittelfrank Regionalliga Nord-West 2223"]
[Site "Mittelfranken"]
[Date "2022.11.27"]
[Round "3.3"]
[White "Ullrich, Daniel"]
[Black "Wurm, Alexander"]
[Result "1/2-1/2"]
[WhiteElo "1878"]
[BlackElo "2111"]
[PlyCount "21"]
[EventDate "2022.10.09"]
[EventType "team-tourn"]
[EventRounds "9"]
[EventCountry "GER"]
[SourceTitle "EXT 2024"]
[Source "ChessBase"]
[SourceDate "2023.10.10"]
[SourceVersion "1"]
[SourceVersionDate "2023.10.10"]
[SourceQuality "1"]
[WhiteTeam "Rottendorf"]
[BlackTeam "Stetten"]
[WhiteTeamCountry "GER"]
[BlackTeamCountry "GER"]

1. Nf3 Nf6 2. d4 d5 3. Bg5 Nbd7 4. c4 e6 5. Nc3 Be7 6. e3 c6 7. Qc2 0-0 8. Rd1 Re8 9. a3 a5 10. Bd3 dxc4 11. Bxc4 1/2-1/2

[Event "Mittelfrank Regionalliga Nord-West 2122"]
[Site "Mittelfranken"]
[Date "2021.11.14"]
[Round "2.3"]
[White "Ullrich, Daniel"]
[Black "Basel, Matthias"]
[Result "1/2-1/2"]
[WhiteElo "1886"]
[BlackElo "1991"]
[PlyCount "25"]
[EventDate "2021.10.24"]
[EventType "team-tourn"]
[EventRounds "9"]
[EventCountry "GER"]
[SourceTitle "EXT 2024"]
[Source "ChessBase"]
[SourceDate "2023.10.10"]
[SourceVersion "1"]
[SourceVersionDate "2023.10.10"]
[SourceQuality "1"]
[WhiteTeam "Rottendorf"]
[BlackTeam "Kitzingen"]
[WhiteTeamCountry "GER"]
[BlackTeamCountry "GER"]

1. Nf3 Nf6 2. c4 g6 3. Nc3 Bg7 4. e4 d6 5. g3 0-0 6. Bg2 c5 7. 0-0 Nc6 8. d4 Bg4 9. dxc5 dxc5 10. Qxd8 Rfxd8 11. Be3 Bxf3 12. Bxf3 Nd4 13. Bxd4 1/2-1/2

[Event "Unterfranken-ch69 M2"]
[Site "Schweinfurt"]
[Date "2018.04.07"]
[Round "9"]
[White "Ullrich, Daniel"]
[Black "Linz, Maximilian"]
[Result "1/2-1/2"]
[WhiteElo "1691"]
[BlackElo "1655"]
[PlyCount "53"]
[EventDate "2018.04.02"]
[EventType "swiss"]
[EventRounds "9"]
[EventCountry "GER"]
[SourceTitle "EXT 2019"]
[Source "ChessBase"]
[SourceDate "2018.10.10"]
[SourceVersion "1"]
[SourceVersionDate "2018.10.10"]
[SourceQuality "1"]

1. e4 e5 2. Nf3 Nf6 3. Nxe5 Qe7 4. Nf3 Qxe4+ 5. Qe2 Nc6 6. c3 g6 7. d3 Qxe2+ 8. Bxe2 Bg7 9. Bf4 d6 10. Nbd2 Be6 11. 0-0-0 Nd5 12. Bg3 Bxc3 13. bxc3 Nxc3 14. Rde1 Nxa2+ 15. Kb2 a5 16. Ng5 Nab4 17. Nxe6 fxe6 18. Nc4 Nd4 19. Kc3 Nxe2+ 20. Rxe2 Nd5+ 21. Kb2 Kd7 22. Na3 c6 23. Nc4 e5 24. f4 exf4 25. Bxf4 Nxf4 26. Nb6+ Kd8 27. Nxa8 1/2-1/2

[Event "Unterfranken-ch69 M2"]
[Site "Schweinfurt"]
[Date "2018.04.03"]
[Round "2"]
[White "Mueller, Gerhard"]
[Black "Ullrich, Daniel"]
[Result "1-0"]
[WhiteElo "1799"]
[BlackElo "1691"]
[PlyCount "85"]
[EventDate "2018.04.02"]
[EventType "swiss"]
[EventRounds "9"]
[EventCountry "GER"]
[SourceTitle "EXT 2019"]
[Source "ChessBase"]
[SourceDate "2018.10.10"]
[SourceVersion "1"]
[SourceVersionDate "2018.10.10"]
[SourceQuality "1"]

1. e4 c5 2. Nf3 Nc6 3. Bb5 e6 4. Bxc6 bxc6 5. c4 d5 6. d3 Ne7 7. Be3 Ng6 8. 0-0 d4 9. Bd2 Bd6 10. Qe1 e5 11. h3 a5 12. Qd1 0-0 13. Nh2 Qh4 14. Nf3 Qe7 15. Nh2 f5 16. f3 f4 17. Rf2 Qg5 18. Kh1 Bd7 19. Na3 Qh5 20. Qc2 Be7 21. Rg1 Bh4 22. Re2 Bg3 23. Be1 Qh4 24. Qd2 h5 25. Nc2 a4 26. Bf2 Rfb8 27. Na1 Rb4 28. Rb1 Rab8 29. Qe1 Qg5 30. Nf1 h4 31. Nh2 a3 32. Nb3 axb2 33. Nxc5 Qe7 34. Na6 Be8 35. Nxb8 Rxb8 36. Rexb2 Rxb2 37. Rxb2 Qa3 38. Rd2 Nf8 39. Qb1 Nd7 40. Qb3 Qc1+ 41. Rd1 Qc3 42. Qxc3 dxc3 43. Ba7 1-0

[Event "Seebach op 23rd"]
[Site "Grossenseebach"]
[Date "2012.06.07"]
[Round "1"]
[White "Sroka, Dieter"]
[Black "Ullrich, Daniel"]
[Result "1-0"]
[WhiteElo "1644"]
[BlackElo "1316"]
[PlyCount "53"]
[EventDate "2012.06.07"]
[EventType "swiss"]
[EventRounds "7"]
[EventCountry "GER"]
[SourceTitle "EXT 2013"]
[Source "ChessBase"]
[SourceDate "2012.11.22"]
[SourceVersion "1"]
[SourceVersionDate "2012.11.22"]
[SourceQuality "1"]

1. d4 d5 2. c4 dxc4 3. e4 Nc6 4. Nf3 Bg4 5. Be3 e5 6. d5 Bb4+ 7. Nc3 Bxf3 8. gxf3 Nce7 9. Qa4+ Kf8 10. Qxb4 b6 11. Bxc4 Qd7 12. h4 Nf6 13. h5 a5 14. Qb3 c6 15. dxc6 Qxc6 16. Bxf7 Rb8 17. Bc4 a4 18. Qb4 Rc8 19. Bb5 Qc7 20. Bxa4 Qc4 21. Qxb6 Qf7 22. Rd1 h6 23. Rd8+ Rxd8 24. Qxd8+ Ne8 25. Qxe8+ Qxe8 26. Bxe8 Kxe8 27. Ke2 1-0

[Event "Unterfranken-ch HB 62th"]
[Site "Gerolzhofen"]
[Date "2011.04.29"]
[Round "8"]
[White "Ullrich, Daniel"]
[Black "Braun, Marcel"]
[Result "1-0"]
[WhiteElo "1245"]
[BlackElo "836"]
[PlyCount "85"]
[EventDate "2011.04.25"]
[EventType "swiss"]
[EventRounds "9"]
[EventCountry "GER"]
[SourceTitle "EXT 2015"]
[Source "ChessBase"]
[SourceDate "2014.11.20"]
[SourceVersion "1"]
[SourceVersionDate "2014.11.20"]
[SourceQuality "1"]

1. Nc3 d5 2. d4 Nf6 3. Bf4 Bd7 4. e3 e6 5. Bb5 Nc6 6. Nf3 Ne4 7. Ne2 a6 8. Bd3 Be7 9. 0-0 0-0 10. Ng3 Nxg3 11. Bxg3 Nb4 12. Be2 Bf6 13. c3 Nc6 14. Qd3 Re8 15. e4 Re7 16. e5 Re8 17. exf6 Qxf6 18. Bh4 Qh6 19. Qe3 Qxe3 20. fxe3 e5 21. Bg3 exd4 22. cxd4 Rxe3 23. Kf2 Re4 24. Rad1 Rae8 25. Bd3 R4e7 26. Rfe1 Bg4 27. Rxe7 Rxe7 28. Re1 Rxe1 29. Nxe1 Nxd4 30. Bxc7 Bf5 31. Bb6 Bxd3 32. Bxd4 Bf5 33. Nf3 Be4 34. Nd2 Bg6 35. Nb3 b5 36. Bc3 f6 37. Nc5 d4 38. Bxd4 a5 39. Bc3 b4 40. Bd2 Kf7 41. Nb7 b3 42. axb3 Bc2 43. Nxa5 1-0

[Event "Unterfranken-ch HB 62th"]
[Site "Gerolzhofen"]
[Date "2011.04.28"]
[Round "6"]
[White "Engelbrecht, Klaus"]
[Black "Ullrich, Daniel"]
[Result "1-0"]
[WhiteElo "1252"]
[BlackElo "1245"]
[PlyCount "59"]
[EventDate "2011.04.25"]
[EventType "swiss"]
[EventRounds "9"]
[EventCountry "GER"]
[SourceTitle "EXT 2015"]
[Source "ChessBase"]
[SourceDate "2014.11.20"]
[SourceVersion "1"]
[SourceVersionDate "2014.11.20"]
[SourceQuality "1"]

1. e4 e5 2. Nc3 Nf6 3. Nf3 d6 4. Bc4 Be7 5. 0-0 0-0 6. d3 Nc6 7. h3 Be6 8. Bxe6 fxe6 9. Ng5 Nd7 10. Nxe6 Qc8 11. Nxf8 Nxf8 12. Nd5 Ng6 13. Nxe7+ Ncxe7 14. c3 Kh8 15. f4 exf4 16. Bxf4 Qd7 17. d4 Qe6 18. e5 dxe5 19. Bxe5 Nxe5 20. Re1 Qg6 21. Rxe5 Nc6 22. Re3 Qg5 23. Qe2 Qg6 24. Re1 h6 25. Re6 Qg5 26. Re8+ Rxe8 27. Qxe8+ Kh7 28. Rf1 Qd2 29. Rf8 Qc1+ 30. Kh2 1-0

[Event "Unterfranken-ch HB 62th"]
[Site "Gerolzhofen"]
[Date "2011.04.28"]
[Round "5"]
[White "Ullrich, Daniel"]
[Black "Lehmann, Andreas1"]
[Result "1-0"]
[WhiteElo "1245"]
[BlackElo "943"]
[PlyCount "97"]
[EventDate "2011.04.25"]
[EventType "swiss"]
[EventRounds "9"]
[EventCountry "GER"]
[SourceTitle "EXT 2015"]
[Source "ChessBase"]
[SourceDate "2014.11.20"]
[SourceVersion "1"]
[SourceVersionDate "2014.11.20"]
[SourceQuality "1"]

1. Nc3 c6 2. Nf3 e6 3. d4 d5 4. Bf4 Nd7 5. e4 Ngf6 6. Bg5 Be7 7. e5 Nh5 8. Qd2 f6 9. exf6 Ndxf6 10. Bd3 h6 11. Bh4 g5 12. Ne5 Nf4 13. 0-0-0 Bd6 14. Bg3 N6h5 15. Ng6 Rg8 16. Ne5 Qf6 17. Ng4 Qg7 18. Ne2 e5 19. dxe5 Bc5 20. Bxf4 Bxg4 21. Bg3 Nxg3 22. hxg3 0-0-0 23. Rde1 Bxf2 24. Ref1 Rdf8 25. Kb1 Bxg3 26. Nxg3 Rxf1+ 27. Rxf1 Qxe5 28. Bf5+ Bxf5 29. Nxf5 Rf8 30. Qf2 Rf6 31. Ne7+ Qxe7 32. Qxf6 Qe2 33. Qf3 Qe4 34. Qxe4 dxe4 35. Re1 Kd7 36. Rxe4 Kd6 37. Re3 h5 38. Kc1 Kd5 39. Kd2 Kd4 40. c3+ Kd5 41. Re7 Kd6 42. Rg7 g4 43. Rh7 Ke5 44. Ke3 Kf5 45. Rxh5+ Kg6 46. Rh8 Kg5 47. g3 Kf5 48. Ra8 b6 49. Rxa7 1-0